Nuclear physics: (Record no. 8159)
[ view plain ]
| 000 -LEADER | |
|---|---|
| fixed length control field | 00844cam a2200289I 4500 |
| 001 - CONTROL NUMBER | |
| JCCL Control Number | 8159 |
| 003 - CONTROL NUMBER IDENTIFIER | |
| JCCL marc code | BD - JhCC |
| 005 - DATE AND TIME OF LATEST TRANSACTION | |
| control field | 20180718192848.0 |
| 008 - FIXED-LENGTH DATA ELEMENTS--GENERAL INFORMATION | |
| fixed length control field | 750324s1967 nyua b 000 0 eng |
| 035 ## - SYSTEM CONTROL NUMBER | |
| system control number | (BD - JhCC)8159 |
| 035 ## - SYSTEM CONTROL NUMBER | |
| system control number | (OCoLC)01233825 |
| 035 ## - SYSTEM CONTROL NUMBER | |
| system control number | GLIS00157091 |
| 040 ## - CATALOGING SOURCE | |
| Original cataloging agency | DLC |
| Transcribing agency | WSU |
| Modifying agency | SER |
| -- | MYG |
| -- | BD - JhCC |
| 041 ## - LANGUAGE CODE | |
| Language code of Book | eng |
| 082 ## - DEWEY DECIMAL CLASSIFICATION NUMBER | |
| Author mark and Year | ROY 1967 |
| Classification number | 539.7 |
| 090 ## - LOCALLY ASSIGNED LC-TYPE CALL NUMBER (OCLC); LOCAL CALL NUMBER (OCLC) | |
| Classification number (OCLC) (R) ; Classification number, CALL (RLIN) (NR) | QC173 |
| Local cutter number (OCLC) ; Book number/undivided call number, CALL (RLIN) | .R888 |
| 099 ## - LOCAL FREE-TEXT CALL NUMBER | |
| Classification number | QC173.R888 |
| 100 1# - MAIN ENTRY--PERSONAL NAME | |
| Personal name | Roy, R. R. |
| Fuller form of name | (Radha Raman), |
| Dates associated with a name | 1921- |
| 245 10 - TITLE STATEMENT | |
| Title | Nuclear physics: |
| Remainder of title | theory and experiment / |
| Statement of responsibility, etc | [by] R. R. Roy and B. P. Nigam. |
| 260 ## - PUBLICATION, DISTRIBUTION, ETC. (IMPRINT) | |
| Place of publication, distribution, etc | New Delhi : |
| Name of publisher, distributor, etc | New Age International, |
| Date of publication, distribution, etc | [1967] |
| 300 ## - PHYSICAL DESCRIPTION | |
| Pagination | xii, 616 p. |
| Other physical details | illus. |
| Dimensions | 24 cm. |
| 504 ## - BIBLIOGRAPHY, ETC. NOTE | |
| Bibliography, etc | Includes bibliographies. |
| 650 #0 - SUBJECT ADDED ENTRY--TOPICAL TERM | |
| Topical term or geographic name as entry element | Nuclear physics. |
| 700 1# - ADDED ENTRY--PERSONAL NAME | |
| Personal name | Nigam, B. P. |
| 942 ## - ADDED ENTRY ELEMENTS (KOHA) | |
| Source of classification or shelving scheme | Dewey Decimal Classification |
| Koha item type | Books |
| Source of classification or shelving scheme | Damaged status | Not for loan | Home library | Current library | Shelving location | Total Checkouts | Full call number | Barcode | Date last seen | Copy number | Koha item type |
|---|---|---|---|---|---|---|---|---|---|---|---|
| Dewey Decimal Classification | JCC Rouf Library | JCC Rouf Library | General Stacks | 539.7 ROY 1967 | 10787 | 02/19/2018 | C - 1 | Books |